Larousse médical
Spremljeno u:
| Glavni autor: | |
|---|---|
| Format: | Knjiga |
| Jezik: | Undetermined |
| Izdano: |
Paris
Larousse
1952
|
| Teme: | |
| Oznake: |
Dodaj oznaku
Bez oznaka, Budi prvi tko označuje ovaj zapis!
|
| Thư viện lưu trữ: | Trung tâm Học liệu Trường Đại học Cần Thơ |
|---|
| LEADER | 00474nam a2200181Ia 4500 | ||
|---|---|---|---|
| 001 | CTU_26548 | ||
| 008 | 210402s9999 xx 000 0 und d | ||
| 082 | |a 610.3 | ||
| 082 | |b B684 | ||
| 100 | |a D Galtier Boissière | ||
| 245 | 0 | |a Larousse médical | |
| 245 | 0 | |c D Galtier Boissière | |
| 260 | |a Paris | ||
| 260 | |b Larousse | ||
| 260 | |c 1952 | ||
| 650 | |a medicine - terminology | ||
| 904 | |i Minh, 981013 | ||
| 980 | |a Trung tâm Học liệu Trường Đại học Cần Thơ | ||